000 00632nam a2200193Ia 4500
003 GCL
008 140319s9999 xx 000 0 ara d
020 _a8123335977
040 _aGCL /
_cGCL
082 0 4 _a214
_bم ش
100 1 _aمحمود مهدى
245 1 0 _aالشعراوى000 مفكرآ /
_cمحمود مهدى
260 _aالقاهرة :
_bدار البيان للتاليف والنشر والترجمة ،
_c2003
300 _a165 ص ؛
_c20 سم
650 0 4 _aالثقافة الاسلامية
650 0 4 _aالاسلام والفلسفة
650 0 4 _aمحمد متولى الشعراوى
942 _2ddc
_cBK
999 _c5857
_d5857